| 000 | 00947cam a2200313 a 4500 | ||
|---|---|---|---|
| 999 |
_c533207 _d533207 |
||
| 001 | 14066661 | ||
| 003 | NUST | ||
| 005 | 20191216112150.0 | ||
| 008 | 050806s2005 ii 001 0 eng | ||
| 010 | _a 2005323966 | ||
| 020 | _a8174363564 | ||
| 025 | _aI-E-2005-323966; 27 | ||
| 037 |
_bLibrary of Congress -- New Delhi Overseas Office _cRs295.00 |
||
| 038 | _aM.Ramzan | ||
| 040 |
_aDLC _cDLC _dDLC |
||
| 042 | _alcode | ||
| 050 | 0 | 0 |
_aBD444 _b.K45 2005 |
| 082 |
_a155.937 _bSIN |
||
| 100 | 0 |
_aKhushwant Singh, _d1915-2014. _912976 |
|
| 245 | 1 | 0 |
_aDeath at my doorstep : _bobituaries / _cKhushwant Singh. |
| 260 |
_aNew Delhi : _bLotus Collection, Roli Books, _c2005. |
||
| 300 |
_axxii, 170 p. ; _c22 cm. |
||
| 500 | _aIncludes index. | ||
| 650 | 0 |
_aDeath. _926997 |
|
| 650 | 0 |
_aDeath _xPsychological aspects. _926998 |
|
| 906 |
_a7 _bcbc _corigode _d3 _encip _f20 _gy-gencatlg |
||
| 942 |
_2ddc _cBK |
||